00747nab a2200229 uc450000100070000000500170000700800410002403500110006503500210007604000130009704100080011010000370011824500580015565000230021365000380023665000390027465000370031370000370035077301010038794200100048899900190049866273820240201163332.0010508e20001230 spa  a662738 a(OCoLC)819907122 ccomduadb aspa10aRauchle, Fritz4auteaut931019110aInhibicion e inhibidores en sistemas de refrigeracion aInhibidores929094 aInhibidores de corrosión968675 aSistemas de refrigeración954428 aIntercambiadores de calor93312510aGarcia, Halter4auteaut93343310 tRevista de Química (Perú)gVol. 14, No. 02, Dic. 2000, p. 209-223w612485x1012-39460184922 cARIMP c198621d198621